| 000 | 00365 a2200145 4500 | ||
|---|---|---|---|
| 005 | 20250618130213.0 | ||
| 020 | _a0-8213-5572-4 | ||
| 082 | _a658 MAN | ||
| 100 | _aMANNING, N | ||
| 245 | _aInternational Public Administration Reform | ||
| 260 |
_aWashington _bThe World Bank _c2004 |
||
| 300 |
_axiii,113p. _bIndex _c23cm |
||
| 700 | _aNeil Parison | ||
| 942 |
_2ddc _cBKS |
||
| 999 |
_c4301 _d4301 |
||